<?xml version="1.0" encoding="UTF-8"?>
<record
    xmlns:xsi="http://www.w3.org/2001/XMLSchema-instance"
    xsi:schemaLocation="http://www.loc.gov/MARC21/slim http://www.loc.gov/standards/marcxml/schema/MARC21slim.xsd"
    xmlns="http://www.loc.gov/MARC21/slim">

  <leader>02832nam a2200325   4500</leader>
  <controlfield tag="001">ESSALUD</controlfield>
  <controlfield tag="005">20260703125256.0</controlfield>
  <controlfield tag="007">ta</controlfield>
  <controlfield tag="008">      t        pe ||||| |||| 00| 0 spa d</controlfield>
  <datafield tag="040" ind1=" " ind2=" ">
    <subfield code="a">BMG</subfield>
  </datafield>
  <datafield tag="041" ind1=" " ind2=" ">
    <subfield code="a">spa</subfield>
  </datafield>
  <datafield tag="100" ind1=" " ind2=" ">
    <subfield code="a">Valderrama Valderrama, Luis Ricardo </subfield>
    <subfield code="e">Autor</subfield>
    <subfield code="9">49171</subfield>
  </datafield>
  <datafield tag="245" ind1=" " ind2=" ">
    <subfield code="a">R&#xE9;gimen jur&#xED;dico de la Compensaci&#xF3;n por Tiempo de Servicios.</subfield>
    <subfield code="b">Determinaci&#xF3;n, c&#xE1;lculo y nuevas reglas de disposici&#xF3;n de los fondos</subfield>
  </datafield>
  <datafield tag="246" ind1=" " ind2=" ">
    <subfield code="a">Legal regime of the compensation for length of service,</subfield>
    <subfield code="b">Determination, ca lculation, and new rules for t he use of fu nds</subfield>
  </datafield>
  <datafield tag="300" ind1=" " ind2=" ">
    <subfield code="a">p&#xE1;ginas 87-104</subfield>
  </datafield>
  <datafield tag="520" ind1=" " ind2=" ">
    <subfield code="a">El presente art&#xED;culo analiza el r&#xE9;gimen jur&#xED;dico de la Compensaci&#xF3;n por
Tiempo de Servicios (CTS) en el ordenamiento laboral peruano, destacando su naturaleza
previsional y su funci&#xF3;n de protecci&#xF3;n frente al desempleo. Se examina el marco
normativo aplicable, los requisitos para acceder al beneficio, las reglas sobre su dep&#xF3;sito,
c&#xE1;lculo y remuneraci&#xF3;n computable, as&#xED; como las particularidades de diversos
reg&#xED;menes laborales especiales. Asimismo, se abordan los supuestos de pago directo, la
libre disponibilidad de los fondos y las recientes modificaciones normativas que permiten
el retiro del 100 % de la CTS. Finalmente, se analizan las consecuencias del incumplimiento del empleador y las infracciones administrativas correspondientes. 
</subfield>
  </datafield>
  <datafield tag="520" ind1=" " ind2=" ">
    <subfield code="a">This article analyzes the legal regime of the Compensation far Length of Service (CTS) within
the Peruvian labor legal system, highlighting its social security nature and its function as protection
against unemployment. lt examines the applicable regulatory framework, the requirements to access
this benefit, the rules governing its deposit, calculation, and computable remuneration, as well as the
particularities of various special labor regimes. lt also addresses the cases of direct payment, the free
availability of the funds, and recent regulatory amendments that allow the withdrawal of 100% of the
CTS. Finally, the article analyzes the consequences of employer non-compliance and the corresponding
administrative infractions.</subfield>
  </datafield>
  <datafield tag="650" ind1=" " ind2=" ">
    <subfield code="a">COMPENSACI&#xD3;N POR TIEMPO DE SERVICIOS </subfield>
    <subfield code="9">4010</subfield>
  </datafield>
  <datafield tag="650" ind1=" " ind2=" ">
    <subfield code="a">DERECHO LABORAL PERUANO </subfield>
    <subfield code="9">53275</subfield>
  </datafield>
  <datafield tag="650" ind1=" " ind2=" ">
    <subfield code="a">REMUNERACI&#xD3;N COMPUTABLE </subfield>
    <subfield code="9">53278</subfield>
  </datafield>
  <datafield tag="650" ind1=" " ind2=" ">
    <subfield code="a">PROTECCI&#xD3;N FRENTE AL DESEMPLEO</subfield>
    <subfield code="9">53284</subfield>
  </datafield>
  <datafield tag="650" ind1=" " ind2=" ">
    <subfield code="a">BENEFICIOS SOCIALES </subfield>
    <subfield code="9">53285</subfield>
  </datafield>
  <datafield tag="650" ind1=" " ind2=" ">
    <subfield code="a">CAMPENSATION FAR LENGTH OF SERVICE </subfield>
    <subfield code="9">53286</subfield>
  </datafield>
  <datafield tag="650" ind1=" " ind2=" ">
    <subfield code="a">SOCIAL BENEFITS </subfield>
    <subfield code="9">53287</subfield>
  </datafield>
  <datafield tag="650" ind1=" " ind2=" ">
    <subfield code="a">PERUVIAN LABOR LAW </subfield>
    <subfield code="9">53280</subfield>
  </datafield>
  <datafield tag="650" ind1=" " ind2=" ">
    <subfield code="a">COMPUTABLE REMUNERATION </subfield>
    <subfield code="9">53288</subfield>
  </datafield>
  <datafield tag="650" ind1=" " ind2=" ">
    <subfield code="a">PROTECTION AGAINST UNEMPLOYMENT</subfield>
    <subfield code="9">53289</subfield>
  </datafield>
  <datafield tag="773" ind1="0" ind2=" ">
    <subfield code="0">22614</subfield>
    <subfield code="9">22626</subfield>
    <subfield code="d">Lima Grupo Praxis Formaci&#xF3;n Profesional, 2026-</subfield>
    <subfield code="o">PRALAB002</subfield>
    <subfield code="t">Praxis Laboral &amp; Procesal Laboral</subfield>
    <subfield code="w">ESSALUD</subfield>
    <subfield code="x">3119-768X</subfield>
  </datafield>
  <datafield tag="942" ind1=" " ind2=" ">
    <subfield code="c">ARTICULOS</subfield>
    <subfield code="e">2026-07-02</subfield>
    <subfield code="z">SQB</subfield>
  </datafield>
  <datafield tag="999" ind1=" " ind2=" ">
    <subfield code="c">22641</subfield>
    <subfield code="d">22641</subfield>
  </datafield>
</record>
